Prácticas de laboratorio de termodinámica y motores térmicos / por A. L. Miranda, M. Villarrubia y J. Villalta

por Miranda, A. L.

Descripción Física: 47 p. ; 30 cm
Materias: Termodinàmica

MARC

LEADER 00000nam a2200000Ia 4500
001 1956
008 160829s1984 xx 000 0 cat d
080 |a FU-18-10 
100 |a Miranda, A. L.  |9 24996 
245 |a Prácticas de laboratorio de termodinámica y motores térmicos / por A. L. Miranda, M. Villarrubia y J. Villalta 
260 |a Barcelona :  |b E.U.I.T.I. Departamento de Mecánica de Fluidos y Termotécnia,  |c 1984 
300 |a 47 p. ;  |c 30 cm 
650 |a Termodinàmica  |9 20002 
700 |a Villarrubia, M.   |9 24995 
700 |a Villalta, J.   |9 35182 
710 |a Escola Universitària d'Enginyeria Tècnica Industrial de Barcelona.  |b Departament de Mecànica de Fluids i Termotècnia  |9 70050 
901 |a Arxiu 
942 |n 1 
952 |0 0  |1 0  |4 0  |6 FU1810  |7 1  |9 46802  |a Arxiu  |b Arxiu  |d 2016-12-01  |l 0  |o FU-18-10  |p 1956  |r 2016-12-01 00:00:00  |w 2016-12-01  |y ARXIU 
999 |c 50595  |d 50595